000 01902nam a2200529 i 4500
001 39297
003 KOSZ 005
005 20211214110107.0
008 010423s2001 pl f |001 0 pol
015 _aUWD 2001/6538
020 _a8320425964
035 _a991016050529705066
035 _a(PL-WaBN)b14309385-48omnis_nlop
035 _ab14309385
035 _a(OCoLC)749236309
035 _azz2003911710
035 _a(PL)b0000001430938
035 _a(EXLNZ-48OMNIS_NETWORK)9910071259905606
040 _aWA N
_cWA N
_dKOSZ 005/HR
041 1 _apol
_heng
046 _k2001
080 _a004.655.3
080 _a(07)
100 1 _aBowman, Judith S.
_eAutor
245 1 0 _aPodręcznik języka SQL /
_cJudith S. Bowman, Sandra L. Emerson, Marcy Darnovsky ; z ang. przeł. Romuald Kotowski.
246 1 _iTyt. oryg.:
_aPractical SQL handbook :
_busing structured query language,
_f1996
260 _aWarszawa :
_bWydawnictwa Naukowo-Techniczne,
_c2001.
300 _aXXIV, 404 s. ;
_c25 cm.
336 _aTekst
_btxt
_2rdacontent
337 _aBez urządzenia pośredniczącego
_bn
_2rdamedia
338 _aWolumin
_bnc
_2rdacarrier
380 _aKsiążki
380 _aPublikacje fachowe
388 _a2001-
500 _aTyt. oryg.: The practical SQL handbook : using structured query language, 1996.
504 _aBibliogr. - Indeks.
650 7 _aSQL (język zapytań)
_2DBN
655 7 _aPodręcznik
_2DBN
658 _aInformatyka i technologie informacyjne
700 1 _aDarnovsky, Marcy
_eAutor
700 1 _aEmerson, Sandra L.
_d(1947- )
_eAutor
700 1 _aKotowski, Romuald
_d(1946- )
_eTłumaczenie
710 2 _aWydawnictwa Naukowo-Techniczne
_4pbl
856 _uhttp://koha.tu.koszalin.pl/cgi-bin/koha/opac-detail.pl?biblionumber=39297
_yKatalog online BPK
942 _2UKD
_cKS
999 _c39297
_d39297